00937cam a22002537a 4500003000500000005001700005008004100022010001000063011001000073035001000083040000900093082001600102110007500118245006500193260010000258300002300358410007500381490002800456650004600484650003100530650001900561810007500580830002800655CHAP20220817042334.0971013d1980 tw r 00010 eng d a41384 a42356 a46485 cCHAP a338.19bF66 aFood and Fertilizer Technology Center for the Asian and Pacific Region 0aFood situation and petential in the asian and pacific region aTaipei, Taiwan :bFood and Fertilizer Technology Center for the Asian and Pacific Region,c1980 a161 p.b: gráfs. aFood and Fertilizer Technology Center for the Asian and Pacific Region 0aFFTC. Book seriesv; 1714aAgriculturaxInnovaciones tecnológicas.14aAlimentosxAbastecimiento.14aFertilizantes. aFood and Fertilizer Technology Center for the Asian and Pacific Region0 aFFTC. Book seriesv; 17